|
|
|
|
| LEADER |
00000nab#a22000007a#4500 |
| 001 |
arbauad005323 |
| 003 |
AR-BaUAD |
| 005 |
20250711110709.0 |
| 008 |
940819|||||||||###||||||b###|0###a|spa|| |
| 040 |
|
|
|a AR-BaUAD
|c AR-BaUAD
|b spa
|
| 245 |
1 |
0 |
|a Vivienda en la Argentina
|b diagnóstico y prospectiva: obras y proyectos
|
| 300 |
0 |
|
|b cortes, fot., il., plantas, vistas
|
| 653 |
|
|
|a CONJUNTOS HAB. DE BAJA DENS.
|
| 653 |
|
|
|a FONAVI
|
| 653 |
|
|
|a CONCURSOS
|
| 653 |
|
|
|a ARGENTINA
|
| 653 |
|
|
|a BARRIO OESTE II
|
| 653 |
|
|
|a SAN MIGUEL DE TUCUMAN
|
| 653 |
|
|
|a CARABAJAL, NELLY
|
| 653 |
|
|
|a GUERRA, ENRIQUE
|
| 653 |
|
|
|a SALIM, EDMUNDO
|
| 653 |
|
|
|a BARRIO B. TERAN
|
| 653 |
|
|
|a RIO CUARTO
|
| 653 |
|
|
|a PONCE, ALBERTO
|
| 653 |
|
|
|a VERTIZ, RICARDO DE
|
| 653 |
|
|
|a DIAZ, HECTOR
|
| 653 |
|
|
|a DIAZ, CARLOS
|
| 653 |
|
|
|a ARGÜELLO
|
| 653 |
|
|
|a MOSCATO, JORGE
|
| 653 |
|
|
|a SCHERE, ROLANDO
|
| 653 |
|
|
|a GRAMATICA, SARA
|
| 653 |
|
|
|a GUERRERO, JUAN CARLOS
|
| 653 |
|
|
|a MORINI, JORGE
|
| 653 |
|
|
|a PISANI, JOSE
|
| 653 |
|
|
|a CORDOBA
|
| 773 |
0 |
|
|t SUMMA
|g no. 208-209 [ene.-feb. 1985], p. 89-101
|
| 942 |
|
|
|c ARTI
|
| 952 |
|
|
|0 0
|1 0
|4 0
|7 0
|9 50243
|a AR-BAuAD
|b AR-BAuAD
|d 2025-07-11
|l 0
|p AAQA005323
|r 2025-07-11 11:07:09
|w 2025-07-11
|y ARTI
|
| 990 |
|
|
|a AQ198
|b TD
|
| 998 |
|
|
|a AAQ
|b BIBUN76
|
| 999 |
|
|
|c 29916
|d 29916
|